000 00525cam a22002171 4500
001 sa 68008045
003 DLC
005 20260227112528.0
008 940822s1967 ii 000 1 orio
010 _asa 68008045
025 _aPL480:I-O-945
035 _a(OCoLC)30990389
040 _aDLC
_cCU
_dCU
_dDLC
042 _apremarc
050 0 0 _aPK2579.M3
_bA6 1967
100 1 _aMahanty, Surendra,
_d1920-
245 1 0 _aSurendra sañcaẏana.
260 _c[1967]
300 _a8, 538 p.
_c22 cm.
500 _aIn Oriya.
999 _c82204
_d82204